| 000 | 00694nam a2200253Ia 4500 | ||
|---|---|---|---|
| 003 | OSt | ||
| 005 | 20221007123420.0 | ||
| 006 | a|||||r|||| 00| 0 | ||
| 007 | ta | ||
| 008 | 221006b |||||||| |||| 00| 0 eng d | ||
| 020 | _a812018846 (pbk) | ||
| 024 | _a1807 | ||
| 037 | _cTextual | ||
| 040 |
_aPAPL _cPAPL _beng |
||
| 041 |
_2eng _aeng |
||
| 082 | _aCN, L5;N6 Carpa | ||
| 100 | _aDirac P.A.M. | ||
| 245 | 0 | _aGeneral theory of relativity | |
| 260 |
_aNew _bDelhi Prentice Hall of India Private Limited _c2001 |
||
| 300 |
_aviii, 70p. _ccm. |
||
| 650 |
_aRelativity _9713529 |
||
| 942 |
_hCN, L5;N6 Carpa _cTEXL _2CC |
||
| 999 |
_c1211838 _d1211838 |
||